| 000 | 00457nam a2200157Ia 4500 | ||
|---|---|---|---|
| 008 | 190328s9999||||xx |||||||||||||| ||und|| | ||
| 020 | _a9789382823537 | ||
| 082 |
_a346.0436 _bSIN/L |
||
| 100 | _aSingh, Kanwal D.P. | ||
| 245 | 0 | _aLand Laws: Including Land Acquisition and Rent Laws | |
| 250 | _a1st Edition | ||
| 260 |
_aNew Delhi _bSatyam Law International _c2014 |
||
| 300 | _a350p. | ||
| 650 | _aTransfer of Property/Land Law/Registration | ||
| 942 | _cBK | ||
| 999 |
_c5664 _d5664 |
||